Návrh koncepcie predložený ministrom vnútra a schválený vládou SR 14. mája

Návrh koncepcie usporiadania miestnej štátnej správy (MŠS). Súčasná organizácia miestnej štátnej správy. Sústava orgánov MŠS. Úseky štátnej správy v pôsobnosti krajských úradov a okresných úradov. Pokrač.

Gespeichert in:
Bibliographische Detailangaben
Format: Buchkapitel
Sprache:Slowakisch
Schlagworte:
Tags: Tag hinzufügen
Keine Tags, Fügen Sie das erste Tag hinzu!

MARC

LEADER 00000naa a2200000 4500
001 r049694
005 20230927091859.3
041 0 |a slo 
044 |a SK 
245 1 0 |a Návrh koncepcie predložený ministrom vnútra a schválený vládou SR 14. mája 
520 |a Návrh koncepcie usporiadania miestnej štátnej správy (MŠS). Súčasná organizácia miestnej štátnej správy. Sústava orgánov MŠS. Úseky štátnej správy v pôsobnosti krajských úradov a okresných úradov. Pokrač. 
610 2 0 |a správa štátna 
610 2 0 |a správa miestna 
610 2 0 |a usporiadanie správne 
610 2 0 |a koncepcie 
610 2 0 |a orgány štátne 
610 2 0 |a úrady 
610 2 0 |a kraje 
610 2 0 |a okresy